| 000 | 00697nam a2200193 a 4500 | ||
|---|---|---|---|
| 003 | 0 | ||
| 005 | 20250304105938.0 | ||
| 008 | 090707s19uu xx 00 eng d | ||
| 050 |
_aPGS TX 553.V5 _b.T168 2009 |
||
| 100 | _aTanseco, Joshua Emmanuel A. | ||
| 245 |
_aVitamin C contents of different types of orange juices / _cJoshua Emmanuel A. Tanseco. |
||
| 260 |
_aLas PiƱas City, Philippines : _bSouthville International School and Colleges, _c2009. |
||
| 300 |
_a40 pages : _billustrations ; _c28 cm. |
||
| 504 | _aIncludes bibliographic references. | ||
| 650 |
_aVitamin C _vAnalysis. |
||
| 650 |
_aOrange juice _vAnalysis. |
||
| 650 |
_aFruit juices _vanalysis. |
||
| 942 |
_2lcc _cPASS |
||
| 999 |
_c98217 _d98217 |
||